Missing Word: Michael Jackson Songs (A-Z) Quiz Stats

 Plays Quiz Updated Dec 16, 2012

Support Sporcle.
Go Orange.
Score 0/21 Timer 03:00
0 Plays Today
Single Title Missing Word % Correct
Billie ____Jean
97.6%
Black or ____White
96.5%
The Way You Make Me ____Feel
96.1%
Beat ____It
94.7%
P.Y.T. (Pretty ____ Thing)Young
93.9%
Man in the ____Mirror
91.7%
Hold My ____Hand
90.5%
They Don't Care About ____Us
89%
You Are Not ____Alone
88.8%
The ____ Is MineGirl
88.5%
Another ____ of MePart
84%
Single Title Missing Word % Correct
Smooth ____Criminal
82.6%
Will You Be ____There
70%
Wanna Be ____ Somethin'Startin'
68.6%
____ DianaDirty
68.3%
____ the WallOff
62.3%
Human ____Nature
60%
Rockin' ____Robin
58.6%
____ SongEarth
44.5%
____ NewsBreaking
30.1%
____ GirlLiberian
22.2%

Today's Daily Dose

Word Ladder
Math Aid

Get the Picture
Warrior Women

You're not logged in!

Compare scores with friends on all Sporcle quizzes.
OR
Log In
Forgot?

From the Vault

Most Populous 'B' Cities by Continent

by MrWhiplash

They're not necessarily populous in terms of bees, though.
Remove Ads.
Support Sporcle.
Get the best of Sporcle when you Go Orange. This ad-free experience offers more features, more stats, and more fun while also helping to support Sporcle. Thank you for becoming a member.

Show Comments

Extras

Top Quizzes Today


Score Distribution

Your Account Isn't Verified!

In order to create a playlist on Sporcle, you need to verify the email address you used during registration. Go to your Sporcle Settings to finish the process.

Report this User

Report this user for behavior that violates our Community Guidelines.

Details: